Statistiques concernant TOP 20 des joueurs français ayant la plus grosse valeur marchande.

Cliquez ici pour prendre le quiz!

Statistiques générales

  • Ce quiz a été pris 99 fois
  • Le résultat moyen est 15 sur 20

Statistiques - réponses

PlaceValeurClubRéponse% Correct
1.180 M€PSGMbappé
100%
2.85 M€Real MadridCamavinga
94%
3.85 M€Real MadridTchouaméni
94%
5.80 M€FrancfortKolo Muani
93%
14.45 M€PSGLucas Hernandez
88%
8.60 M€BarceloneDembélé
85%
6.65 M€Bayern MunichComan
84%
11.60 M€BarceloneKoundé
80%
16.40 M€JuventusRabiot
80%
19.40 M€NiceThuram
80%
7.65 M€ArsenalSaliba
76%
18.40 M€Bayern MunichPavard
75%
15.45 M€AC MilanMaignan
74%
4.80 M€ChelseaNkunku
73%
10.60 M€Bayern MunichUpamecano
62%
13.50 M€Bayer LeverkusenDiaby
61%
9.60 M€AC MilanThéo Hernandez
61%
12.55 M€ChelseaFofana
59%
17.40 M€ChelseaBadiashile
51%
20.40 M€Borussia MönchengladbachKoné
36%

Distribution des résultats

Percentile par nombre de réponses

% des personnes avec chaque résultat

Votre développement - résultats

Vous n’avez pas pris ce quiz